MARC

LEADER 00000nam a2200000Ia 4500
001 24529
008 160829s9999 xx 000 0 cat d
080 |a FU-67-24 
245 |a Parc Natural de Sant Llorenç del Munt i l’Obac :  |b  activitats :  |b  itineraris guiats :  |b  tardor de 1999 
260 |a [Barcelona] :  |b Diputació de Barcelona. Serveis de Parcs Naturals, DL 1999 
300 |a 1 tríptic ;  |c 21 cm 
590 |a Inclou els diversos programes dels cursos ofertats 
610 2 0 |a Parc Natural de Sant Llorenç del Munt i l'Obac (Catalunya)  |x Activitats culturals  |9 52894 
710 |a Barcelona (Catalunya : Província).  |b Servei de Parcs Naturals  |9 53492 
901 |a Arxiu 
942 |n 1 
952 |0 0  |1 0  |4 0  |6 FU6724  |7 1  |9 55873  |a Arxiu  |b Arxiu  |d 2016-12-01  |l 0  |o FU-67-24  |p 24529  |r 2016-12-01 00:00:00  |w 2016-12-01  |y ARXIU 
999 |c 59746  |d 59746